书目信息 |
| 题名: |
现代法律文书写作
|
|
| 作者: | 徐寒 主编 | |
| 分册: | ||
| 出版信息: | 广州 广州出版社 2004.03 |
|
| 页数: | 388页 | |
| 开本: | 20cm | |
| 丛书名: | 应用写作万事通丛书 | |
| 单 册: | ||
| 中图分类: | D926.13 | |
| 科图分类: | ||
| 主题词: | 法律文书--范文--中国 , 法律文书--写作--中国 | |
| 电子资源: | ||
| ISBN: | 7-80655-662-1 | |
| 000 | 00974nam 2200289 450 | |
| 001 | 192004004642 | |
| 005 | 20070905144148.35 | |
| 010 | @a7-80655-662-1@dCNY20.00 | |
| 100 | @a20070613d2004 ekmy0chiy0121 ea | |
| 101 | 0 | @achi |
| 102 | @aCN@b440000 | |
| 105 | @aak z 000yy | |
| 200 | 1 | @a现代法律文书写作@Axian dai fa lv wen shu xie zuo@e文案与范本@f徐寒主编 |
| 205 | @a第2版@b修订版 | |
| 210 | @a广州@c广州出版社@d2004.03 | |
| 215 | @a388页@c图@d20cm | |
| 225 | 2 | @a应用写作万事通丛书@Aying yong xie zuo wan shi tong cong shu |
| 300 | @a其他题名:文案与范本 | |
| 330 | @a本书分别从公安机关、检察机关、人民法院、律师事务、公证类等法律文书的概念、格式、范本等方面出发, 结合范例进行全面讲述。 | |
| 410 | 0 | @12001 @a应用写作万事通丛书 |
| 517 | 1 | @a文案与范本@Awen an yu fan ben |
| 606 | 0 | @a法律文书@x范文@y中国 |
| 606 | 0 | @a法律文书@x写作@y中国 |
| 690 | @aD926.13@v4 | |
| 701 | 0 | @a徐寒@Axu han@4主编 |
| 801 | 0 | @aCN@c20070905 |
| 905 | @dD92.13@eX725=2 | |
| 现代法律文书写作:文案与范本/徐寒主编.-第2版,修订版.-广州:广州出版社,2004.03 |
| 388页:图;20cm.-(应用写作万事通丛书) |
| 其他题名:文案与范本 |
| ISBN 7-80655-662-1:CNY20.00 |
| 本书分别从公安机关、检察机关、人民法院、律师事务、公证类等法律文书的概念、格式、范本等方面出发, 结合范例进行全面讲述。 |
| ● |
| 相关链接 |
|
|
|
正题名:现代法律文书写作
索取号:D92.13/X725=2
 
预约/预借
| 序号 | 登录号 | 条形码 | 馆藏地/架位号 | 状态 | 备注 |
| 1 | 617142 | 206171426 | 社科库509/509社科库 83排5列1层/ [索取号:D92.13/X725=2] | 在馆 | |
| 2 | 617143 | 206171435 | 社科库509/509社科库 83排5列1层/ [索取号:D92.13/X725=2] | 在馆 | |
| 3 | 617144 | 206171444 | 社科库509/509社科库 83排5列1层/ [索取号:D92.13/X725=2] | 在馆 |